Caricamento...

Orotha

Dettagli Bibliografici
Autore principale: Kakkanadan
Natura: Printed Book
Pubblicazione: Kottayam D C Books 1982
LEADER 00341nam a22001097a 4500
082 |a 894.8123  |b KAK.O 
100 |a Kakkanadan 
245 |a Orotha 
260 |a Kottayam  |b D C Books  |c 1982 
942 |c BK 
999 |c 17899  |d 17899 
952 |0 0  |1 0  |4 0  |6 894_812300000000000_KAK_O  |7 0  |9 20313  |a CAMPUS  |b CAMPUS  |d 2017-09-13  |l 0  |o 894.8123 KAK.O  |p 03429  |r 2017-09-13  |w 2017-09-13  |y BK